Statistics for A-Z Cities by Pictures #3

Click here to take the quiz!

General Stats

  • This quiz has been taken 193 times
  • The average score is 12 of 26

Answer Stats

Answer% Correct
Athens
96%
Giza
92%
Las Vegas
87%
Budapest
79%
Florence
76%
Warsaw
68%
Quito
56%
Vancouver
53%
Jakarta
50%
Delhi
47%
Rotterdam
44%
Xiamen
43%
Islamabad
42%
Kuwait City
39%
Naples
39%
Osaka
39%
Ho Chi Minh City
36%
Phoenix
35%
Yaounde
33%
Ulm
30%
Cordoba
29%
Essen
19%
Tehran
19%
Zaragoza
18%
Mashhad
10%
Scranton
8%

Score Distribution

Percentile by Number Answered

Percent of People with Each Score

Your Score History

You have not taken this quiz